000 00294 a2200109 4500
000 nam a22 7a 4500
020 _a9781473919020
100 _aBurns, Tom
245 _aEssential study skills : the complete guide to success at university
250 _aFourth edition.
260 _bSAGE,
_c2016
999 _c86282
_d86282